Fashion illustration by fashion designers
| Main Author: | |
|---|---|
| Format: | Book |
| Published: |
London :
Thames & Hudson ,
2008
|
| Subjects: |
MARC
| LEADER | 00000cam a2200000 7i4500 | ||
|---|---|---|---|
| 001 | 0000019569 | ||
| 005 | 20080618.0 | ||
| 008 | 080618 | ||
| 020 | |a 0500513972 | ||
| 090 | 0 | 0 | |a 741.672 |b BOR |
| 100 | 1 | |a Borrelli, Laird | |
| 245 | 1 | 0 | |a Fashion illustration by fashion designers |c Laird Borrelli |
| 260 | |a London : |b Thames & Hudson , |c 2008 | ||
| 650 | 0 | |a Fashion designers | |
| 650 | 0 | |a Fashion drawing | |
| 999 | |a 0001025469 |b Book |c Adult Collection |e Perbadanan Perpustakaan Awam Johor | ||